The Greenfield Papyrus in the British Museum: the Funerary Papyrus of Princess Nesitanebtashru, Daughter of Painetchem II and Nesi-Khensu, and Priestess of Amen-Ra at Thebes, about B. C. 970.
Gorde:
| Egile nagusia: | |
|---|---|
| Formatua: | Liburua |
| Hizkuntza: | ingelesa |
| Argitaratua: |
London, England, United Kingdom
British Museum
1912
|
| Gaiak: | |
| Etiketak: |
Etiketa erantsi
Etiketarik gabe, Izan zaitez lehena erregistro honi etiketa jartzen!
|
MARC
| LEADER | 00000nam a2200000 a 4500 | ||
|---|---|---|---|
| 001 | UCJ6556 | ||
| 003 | CL-VaPUC | ||
| 005 | 20240611105638.0 | ||
| 008 | 070124e19120000UK |||||||||||||||||eng|d | ||
| 999 | |c 322658 |d 322656 | ||
| 040 | |c Pontificia Universidad Católica de Valparaíso | ||
| 082 | 0 | 4 | |a 932 BUD 1912 |2 21 |
| 100 | |a Wallis Budge, Ernest Alfred |9 516815 | ||
| 245 | 1 | 4 | |a The Greenfield Papyrus in the British Museum: the Funerary Papyrus of Princess Nesitanebtashru, Daughter of Painetchem II and Nesi-Khensu, and Priestess of Amen-Ra at Thebes, about B. C. 970. |
| 246 | |b Reproduced in collotype facsimile, with introduction and description by E. A. Wallis Budge, M. A., Litt. D., Keeper of the Egyptian and Assyrian Antiquities in the British Museum. Printed by order of the Trustees | ||
| 260 | 0 | 3 | |a London, England, United Kingdom |b British Museum |c 1912 |
| 300 | |a 99 páginas | ||
| 500 | |a Ilustraciones y láminas conforme a índice | ||
| 583 | |a last modification |c 20130712 06:36:35 |k Rodrigo Vera | ||
| 600 | 0 | 7 | |a PAPIRO DE GREENFIELD |2 CL-VaPUC |9 513405 |
| 650 | 0 | |a Arqueología |9 265619 | |
| 650 | 7 | |a PAPIROS |2 CL-VaPUC |9 318278 | |
| 650 | 7 | |a JEROGLIFICOS |2 CL-VaPUC |9 265779 | |
| 650 | 0 | |a Ilustraciones |9 369481 | |
| 650 | 0 | |a Mitología |9 255719 | |
| 651 | 0 | |a Egipto |9 268199 | |
| 942 | |c BK |2 ddc | ||
| 945 | |d 20070124 00:00:00 |a rinostro | ||
| 952 | |0 0 |1 0 |2 ddc |4 0 |6 932_000000000000000_BUD_1912 |7 0 |8 X |9 401706 |a FDOBUD |b FDOBUD |d 2019-11-22 |i 1049607 |o 932 BUD 1912 |p 1049607 |r 2019-11-22 |t 1 |w 2019-11-22 |y BK_X |k BUD | ||